Sports Quiz

Random Sports or College Quiz

No 'S' College Teams Quiz Stats

 Plays Quiz Updated Nov 21, 2018

Support Sporcle.
Go Orange.
Score 0/27 Timer 06:00
0 Plays Today
Team % Correct
Stanford Cardinal
66.3%
Syracuse Orange
58.2%
Notre Dame Fighting Irish
54.3%
Alabama Crimson Tide
52.6%
Harvard Crimson
50.6%
Illinois Fighting Illini
44.5%
Tulane Green Wave
39.6%
North Carolina State Wolfpack
34%
Nevada Wolf Pack
30.9%
St. John's Red Storm
30.9%
Cornell Big Red
26.9%
Navy Midshipmen
26.4%
Marshall Thundering Herd
24.2%
Dartmouth Big Green
22.2%
Team % Correct
Massachusetts Minutemen
19.7%
Tulsa Golden Hurricane
19.7%
North Texas Mean Green
17.8%
North Dakota State Bison
11.7%
Bucknell Bison
11.6%
Howard Bison
10.5%
Hofstra Pride
9.7%
Elon Phoenix
8.5%
Wisconsin-Green Bay Phoenix
8.4%
Northern Kentucky Norse
5.8%
Presbyterian Blue Hose
4.8%
Saint Francis Red Flash
3.1%
William and Mary Tribe
2.5%

You're not logged in!

Compare scores with friends on all Sporcle quizzes.
OR
Log In

From the Vault

Terry Gilliam Movies

by ntnon

We owe a late congratulations to Gilliam who was given the BAFTA Academy Fellowship Award for his contribution to film.
Remove Ads.
Support Sporcle.
Get the best of Sporcle when you Go Orange. This ad-free experience offers more features, more stats, and more fun while also helping to support Sporcle. Thank you for becoming a member.

Show Comments

Extras

Top Quizzes Today


Score Distribution

Your Account Isn't Verified!

In order to create a playlist on Sporcle, you need to verify the email address you used during registration. Go to your Sporcle Settings to finish the process.

Report this User

Report this user for behavior that violates our Community Guidelines.

Details: